| 000 | 00634nam a2200241Ia 4500 | ||
|---|---|---|---|
| 008 | 170203s9999 xx 000 0 und d | ||
| 020 | _a0-590108395 | ||
| 050 | _aFic | ||
| 050 | _b.Ab132s 1999 | ||
| 100 | _aAbbott, Tony | ||
| 245 | 4 | _aThe hidden stairs and the magic carpet / | |
| 245 | _cby Tony Abbott ; illustrated by Tim Jessell. | ||
| 260 | _aNew York : | ||
| 260 | _bScholastic Inc. | ||
| 260 | _c1999 | ||
| 300 | _a80 pages : | ||
| 300 | _billustrations ; | ||
| 300 | _c20 cm. | ||
| 650 | _aFantasy fiction -- | ||
| 650 | _aFantasy. | ||
| 650 | _xDroon (Imaginary place) | ||
| 650 | _xJuvenile fiction. | ||
| 999 |
_c306235 _d306235 |
||